A frayed history : (Record no. 149567)

MARC details
000 -LEADER
fixed length control field 00649nam a22002057a 4500
005 - DATE AND TIME OF LATEST TRANSACTION
control field 20180129150805.0
010 ## - LCCN (DPL NO)
LC control number ENG-122166
020 ## - INTERNATIONAL STANDARD BOOK NUMBER
International Standard Book Number 9780199474639
Terms of availability 750.00
035 ## - SYSTEM CONTROL NUMBER
System control number EN-105698
037 ## - SOURCE OF ACQUISITION
Source of stock number/acquisition DBAD/PUB
082 ## - DEWEY DECIMAL CLASSIFICATION NUMBER
Classification number 950
100 ## - MAIN ENTRY--PERSONAL NAME
Personal name Menon, Meena
245 ## - TITLE STATEMENT
Title A frayed history :
Statement of responsibility, etc by Meena menon and uzramma
Remainder of title the journey of cotton in india /
260 ## - PUBLICATION, DISTRIBUTION, ETC. (IMPRINT)
Place of publication, distribution, etc New Delhi
Name of publisher, distributor, etc Oxford University Press
Date of publication, distribution, etc 2017
270 ## - ADDRESS
Address 2/11 Ground Floor, Ansari Road, Daryaganj
City New Delhi
Postal code 110002
300 ## - PHYSICAL DESCRIPTION
Extent 383p.
Dimensions 24cm
500 ## - GENERAL NOTE
General note includes Bibliography reference and index
700 ## - ADDED ENTRY--PERSONAL NAME
Dates associated with a name Uzramma
942 ## - ADDED ENTRY ELEMENTS (KOHA)
Source of classification or shelving scheme Dewey Decimal Classification
Item type English Books
Classification part 950
Call number suffix MEN
Holdings
Withdrawn status Lost status Not for loan Collection code Home library Current library Date acquired Source of acquisition Cost, normal purchase price Full call number Barcode Copy number Cost, replacement price Koha item type
    Not For Loan Non-fiction D.B.Act.Division Bawana 29/01/2018 DBAD/PUB 750.00 950 MEN EN-105698 1 750.00 English Books

© Delhi Public Library
Hit Counter
free hit counter